|
|
|
|
| LEADER |
01752nam a22003017a 4500 |
| 001 |
34897 |
| 003 |
BD-DhAAL |
| 005 |
20191029095949.0 |
| 008 |
190722r20182016bg ||||| d||| 00| 0 ben d |
| 999 |
|
|
|c 40966
|d 40966
|
| 020 |
|
|
|a 9840757962
|
| 040 |
|
|
|a BD-DhAAL
|
| 041 |
|
|
|a BEN
|
| 082 |
|
|
|a 491.44321
|
| 245 |
|
|
|a বাংলা একাডেমি আধুনিক বানান অভিধান /
|c সম্পাদক জামিল চৌধুরী
|
| 246 |
|
|
|a Bangla academy adhunik bangla abidhan
|
| 260 |
|
|
|a ঢাকা :
|b বাংলা একাডেমি,
|c ২০১৬ [চতুর্থ পুনর্মুদ্রণ ২০১৮]
|
| 300 |
|
|
|a পনেরো, ১৪৩৪ পৃষ্ঠা ;
|c ২২ সে.মি.
|
| 526 |
|
|
|a Residential Campus
|
| 541 |
|
|
|a Development Book Agency
|e 34897, 35013, 36506
|
| 650 |
|
|
|a Bengali language
|x Orthography and spelling
|x Dictionaries.
|9 32983
|
| 650 |
|
|
|a Bengali language
|x style.
|9 32984
|
| 700 |
|
|
|a চৌধুরী, জামিল
|9 32985
|
| 852 |
|
|
|a Savar Campus Library
|c General Stacks
|
| 942 |
|
|
|2 ddc
|c BK
|
| 952 |
|
|
|0 0
|1 0
|2 ddc
|4 0
|6 491_443210000000000_BAN
|7 0
|9 65744
|a SCL
|b SCL
|c GEN
|d 2019-07-17
|e Development Book Agency
|g 380.00
|l 0
|o 491.44321 BAN
|p 3020034897
|r 2019-07-17
|t 1
|v 380.00
|w 2019-07-17
|y BK
|
| 952 |
|
|
|0 0
|1 0
|2 ddc
|4 0
|6 491_443210000000000_BAN
|7 0
|9 65864
|a BRACUL
|b BRACUL
|c GEN
|d 2019-07-24
|e Development Book Agency
|g 380.00
|l 1
|o 491.44321 BAN
|p 3010035013
|q 2025-12-31
|r 2025-09-20
|s 2025-09-20
|t 2
|v 380.00
|w 2019-07-24
|y BK
|
| 952 |
|
|
|0 0
|1 0
|2 ddc
|4 0
|6 491_443210000000000_BAN
|7 0
|9 66933
|a SCL
|b SCL
|c GEN
|d 2019-10-27
|e Development Book Agency
|g 440.00
|l 0
|o 491.44321 BAN
|p 3020036506
|r 2019-10-27
|t 3
|v 440.00
|w 2019-10-27
|y BK
|x This item belongs to Ayesha Abed Library.
|